| 000 | 00988nam a2200301 i 4500 | ||
|---|---|---|---|
| 001 | 33480 | ||
| 003 | BD-RjUL | ||
| 005 | 20211209052020.0 | ||
| 008 | 140508s1977 enk b 001 0 eng | ||
| 020 | _a0333141555 : | ||
| 035 | _a(BD-RjUL)33571 | ||
| 040 |
_aDLC _cDLC _dDLC _dBD-RjUL _beng |
||
| 041 | _aeng | ||
| 082 | 0 | 0 |
_a809.9335 _bLAM 1977 |
| 100 | 1 |
_aLarkin, Maurice. _9101603 |
|
| 245 | 1 | 0 |
_aMan and society in nineteenth-century realism : _bdeterminism and literature / _cMaurice Larkin. |
| 260 |
_aLondon : _bMacmillan, _c1977. |
||
| 300 |
_aix, 201 p. ; _c23 cm. |
||
| 504 | _aBibliography: p. 188-193. | ||
| 504 | _aIncludes index. | ||
| 650 | 0 |
_aLiterature, Modern _y19th century _xHistory and criticism. _955540 |
|
| 650 | 0 |
_aLiterature and society _xHistory _y19th century. _9101604 |
|
| 650 | 0 |
_aRealism in literature. _946186 |
|
| 650 | 0 |
_aFree will and determinism in literature. _9101605 |
|
| 942 |
_2ddc _cBK |
||
| 999 |
_c33480 _d33480 |
||